000 00301nam a22001337a 4500
008 260225b ||||| |||| 00| 0 eng d
020 _a9951050409
041 _aeng
080 _a2.1
100 _a20.1
101 _apolitik
245 _aStandarde dhe Identitete
_cRexhep Ismajli
942 _2lcc
_cBK
999 _c60860
_d60860